000 00787nam a2200205 i 4500
005 20260528113840.0
007 ta
008 260527b cr ||||gr|||| 00| 0 spa d
040 _acrsjilan
_bspa
_ccrsjilan
_erda
041 0 _aspa
082 0 _a347.09
_bV455d
100 1 _aVenegas Villegas, Egennery
_eautora
_9520
245 1 4 _aDel Conflicto a la Conciliación, del Combate a la Mediación :
_bDel Combate a la Mediación : -Una respuesta a los conflictos familiares - .
264 1 _a[Lugar de publicación no identificado] :
_b[Productor de publicación no identificado] ,
_c[Fecha de publicación no identificada]
300 _a97 páginas ;
_c20,1 cm
336 _2rdacontent
_atexto
337 _2rdamedia
_asin mediación
338 _2rdacarrier
_avolumen
942 _2ddc
_n0
_cLIBRO
999 _c463
_d463